[Event "54smm A Klausen-Arci"]
[Site "?"]
[Date "2023.01.07"]
[Round "5.1"]
[White "Olivetti, Davide"]
[Black "Schacher, Gerd"]
[Result "0-1"]
[WhiteElo "2064"]
[BlackElo "2298"]
[PlyCount "70"]
[EventDate "2023.01.07"]

1. e4 c5 2. Nf3 d6 3. d4 cxd4 4. Nxd4 Nf6 5. Nc3 a6 6. Bg5 e6 7. f4 h6 8. Bh4
Qb6 9. Qd2 Qxb2 10. Rb1 Qa3 11. e5 dxe5 12. fxe5 g5 13. Bg3 Nh5 14. Be2 Nxg3
15. hxg3 Qa5 16. O-O Bg7 17. Rxf7 Kxf7 18. Bh5+ Kg8 19. Rf1 Rh7 20. Qf2 Bd7 21.
Ne4 Qxe5 22. Qf7+ Kh8 23. Nf6 Qxd4+ 24. Kh2 Nc6 25. Nxd7 Ne5 26. Nxe5 Bxe5 27.
Qxe6 Qd6 28. Qb3 Rf8 29. Rd1 Qf6 30. a4 Rc7 31. c4 Rd8 32. Re1 Rdd7 33. a5 Bd6
34. Rd1 g4 35. Kh1 Qg5 0-1

[Event "54smm A Klausen-Arci"]
[Site "?"]
[Date "2023.01.07"]
[Round "5.2"]
[White "Seebacher, Michael"]
[Black "Zammarchi, Massimo"]
[Result "1-0"]
[WhiteElo "2056"]
[BlackElo "1936"]
[PlyCount "89"]
[EventDate "2023.01.07"]

1. e4 e5 2. Nf3 Nc6 3. Bc4 Bc5 4. O-O d6 5. c3 Nf6 6. d4 exd4 7. cxd4 Bb6 8.
Nc3 O-O 9. h3 Nxe4 10. Nd5 h6 11. Re1 Nf6 12. Nxb6 axb6 13. Bf4 Bf5 14. g4 d5
15. Bb5 Be4 16. Bxc6 bxc6 17. Ne5 Nd7 18. Nxc6 Qh4 19. f3 Qf6 20. fxe4 Qxf4 21.
Qd3 dxe4 22. Rxe4 Qd6 23. Ne7+ Kh8 24. Nf5 Qd5 25. Qe2 Nf6 26. Re5 Rfe8 27. Re1
g6 28. Qe3 g5 29. Rxd5 Rxe3 30. Nxe3 Nxd5 31. Nxd5 Rxa2 32. Re2 c5 33. Nxb6
cxd4 34. Kf2 Kg7 35. Kf3 Ra6 36. Nc4 Rf6+ 37. Ke4 Rf4+ 38. Kd3 Rf3+ 39. Kxd4
Rxh3 40. b4 h5 41. gxh5 Rxh5 42. b5 Rh8 43. b6 f5 44. b7 Kf6 45. Nd6 1-0

[Event "54smm A Klausen-Arci"]
[Site "?"]
[Date "2023.01.07"]
[Round "5.3"]
[White "Keim, Simon"]
[Black "Haller, Quentin"]
[Result "0-1"]
[WhiteElo "1778"]
[BlackElo "1997"]
[PlyCount "74"]
[EventDate "2023.01.07"]

1. e4 c5 2. Nc3 d6 3. f4 Nc6 4. Nf3 Nf6 5. Bb5 Bd7 6. a4 g6 7. d3 Bg7 8. O-O
O-O 9. Bd2 Nd4 10. Bxd7 Qxd7 11. Nxd4 cxd4 12. Ne2 e5 13. h3 Qc7 14. a5 d5 15.
fxe5 Qxe5 16. Bf4 Qe7 17. e5 Nh5 18. Qd2 Nxf4 19. Nxf4 Qxe5 20. Qb4 Qc7 21. Qb3
Rac8 22. Nxd5 Qxc2 23. Qxb7 Rb8 24. Ne7+ Kh8 25. Qe4 Rxb2 26. Nc6 f5 27. Qf3 a6
28. Rac1 Qd2 29. Rfe1 Rc8 30. Rcd1 Qg5 31. Qd5 h6 32. Nxd4 Rd8 33. Ne6 Rxd5 34.
Nxg5 hxg5 35. Re6 Kh7 36. Rxa6 Ra2 37. Rc6 Rdxa5 0-1

[Event "54smm A Klausen-Arci"]
[Site "?"]
[Date "2023.01.07"]
[Round "5.4"]
[White "Seebacher, Reinhard"]
[Black "D'Ambrosio, Luca"]
[Result "1-0"]
[WhiteElo "1908"]
[BlackElo "1721"]
[PlyCount "153"]
[EventDate "2023.01.07"]

1. Nf3 d5 2. d4 Nf6 3. Bf4 c6 4. c3 Bf5 5. Nbd2 e6 6. Qb3 Qb6 7. e3 Nbd7 8. Be2
Be7 9. O-O O-O 10. c4 c5 11. cxd5 Nxd5 12. Bg3 Qxb3 13. Nxb3 Rfc8 14. Bb5 N5f6
15. Rac1 a6 16. Be2 Ne4 17. Rfd1 Nxg3 18. hxg3 Bf6 19. Nh4 Be4 20. Bf3 Bxf3 21.
Nxf3 Rc7 22. Nxc5 Nxc5 23. Rxc5 Rxc5 24. dxc5 Bxb2 25. Rb1 Ba3 26. Rxb7 Bxc5
27. Ne5 f6 28. Nd7 Bd6 29. Rb6 Be7 30. Rxe6 Kf7 31. Rc6 Rd8 32. Rc7 Ke6 33.
Nc5+ Bxc5 34. Rxc5 Rd1+ 35. Kh2 Rd2 36. Ra5 Rd6 37. e4 h6 38. Kh3 g6 39. Kg4
Rc6 40. f4 Rc3 41. f5+ Kf7 42. fxg6+ Kxg6 43. Kf4 Rc6 44. g4 Rd6 45. Ra4 Re6
46. g3 Kf7 47. Ra5 Kg6 48. a4 Rb6 49. Rc5 Rb4 50. a5 Ra4 51. Rd5 Ra1 52. Kf3
Ra3+ 53. Kg2 Ra4 54. e5 fxe5 55. Rxe5 Kf6 56. Rc5 Kg7 57. Kh3 Ra1 58. Kg2 Ra3
59. Kh3 Ra2 60. g5 hxg5 61. Rxg5+ Kh8 62. Rc5 Kg7 63. Kh4 Ra3 64. g4 Ra4 65.
Kg5 Kf7 66. Kf5 Kg7 67. g5 Ra1 68. Ke5 Re1+ 69. Kd6 Rd1+ 70. Kc7 Rb1 71. Rc6
Rb5 72. Rxa6 Rxg5 73. Ra8 Kf7 74. a6 Ke7 75. Rh8 Ra5 76. Rh6 Ra1 77. Kb7 1-0

[Event "54smm A Klausen-Arci"]
[Site "?"]
[Date "2023.01.07"]
[Round "5.5"]
[White "Rinaldo, Gaetano"]
[Black "Schrott, Karl"]
[Result "0-1"]
[WhiteElo "1643"]
[BlackElo "1959"]
[PlyCount "70"]
[EventDate "2023.01.07"]

1. g3 d5 2. c4 d4 3. Nf3 g6 4. d3 Bg7 5. Bg2 Nf6 6. b4 Nfd7 7. O-O O-O 8. Bf4
Re8 9. Na3 e5 10. Bg5 f6 11. Bd2 f5 12. Ng5 Nf6 13. c5 c6 14. Nc4 h6 15. Nf3
Nd5 16. Nd6 Re7 17. Nh4 Kh7 18. Rb1 Na6 19. f4 Nac7 20. Qc1 exf4 21. gxf4 Rxe2
22. Bf3 Rxd2 23. Qxd2 Qxh4 24. Rbe1 Be6 25. Kh1 Rb8 26. Bd1 Ne3 27. Rxe3 dxe3
28. Qxe3 Bd5+ 29. Bf3 Bxf3+ 30. Rxf3 Nd5 31. Qg1 Nxf4 32. Re3 Nd5 33. Re6 Qg4
34. Qe1 Qf3+ 35. Kg1 Nf4 0-1

[Event "54smm A Klausen-Arci"]
[Site "?"]
[Date "2023.01.07"]
[Round "5.6"]
[White "Schrott, Johann"]
[Black "De Nisi, Roberta"]
[Result "1-0"]
[WhiteElo "1813"]
[BlackElo "1814"]
[PlyCount "73"]
[EventDate "2023.01.07"]

1. e4 e6 2. d4 d5 3. Nd2 Nf6 4. e5 Nfd7 5. Bd3 c5 6. c3 Nc6 7. Ne2 Be7 8. O-O
Qb6 9. Nf3 O-O 10. Bc2 Re8 11. h4 Qd8 12. h5 cxd4 13. cxd4 f6 14. Qd3 Nf8 15.
a3 Bd7 16. b4 f5 17. Kh1 Rc8 18. Rg1 Qc7 19. Bb1 Nd8 20. g4 Nf7 21. Ba2 Qc2 22.
Bb1 Qxd3 23. Bxd3 fxg4 24. Rxg4 Rc7 25. Bd2 Nh8 26. Rag1 g6 27. hxg6 hxg6 28.
Nf4 Kf7 29. Nxg6 Nfxg6 30. Rxg6 Bf8 31. Rf6+ Ke7 32. Rg8 Nf7 33. Bg6 Nh6 34.
Bxh6 Bxh6 35. Bxe8 Rc1+ 36. Kg2 Bxe8 37. Rxh6 1-0

[Event "54smm B Groeden2-Richter/Lask2"]
[Site "?"]
[Date "2023.01.07"]
[Round "5.1"]
[White "Gruber, Martin"]
[Black "Alam, Syed Mahbubul"]
[Result "1/2-1/2"]
[WhiteElo "1663"]
[BlackElo "1955"]
[PlyCount "102"]
[EventDate "2023.01.07"]

1. e4 c5 2. Nf3 d6 3. d4 cxd4 4. Qxd4 Nc6 5. Bb5 Bd7 6. Bxc6 Bxc6 7. Nc3 Nf6 8.
O-O e5 9. Qd3 Be7 10. h3 O-O 11. Be3 Qc7 12. Nd2 Rfd8 13. Rfd1 d5 14. exd5 Bxd5
15. Qe2 Bc6 16. a3 b6 17. Nf3 Nd5 18. Bd2 Nxc3 19. Bxc3 f6 20. Rd2 Rxd2 21.
Nxd2 Qb7 22. f3 b5 23. Bb4 Rd8 24. Nb3 Bxb4 25. axb4 Qd7 26. Qf2 Qd6 27. c3 Qd5
28. Nc5 Qc4 29. g3 Qd5 30. Rxa7 Qd1+ 31. Qf1 Qc2 32. Ra1 Rd2 33. Ne4 Bxe4 34.
fxe4 Qxe4 35. Re1 Qc2 36. Qf3 h5 37. Qa8+ Kf7 38. Qf3 g6 39. Qb7+ Kg8 40. Ra1
Rd1+ 41. Rxd1 Qxd1+ 42. Kh2 Qc2+ 43. Qg2 Qd3 44. Qf2 Kg7 45. h4 g5 46. Qa7+ Kg6
47. Qa8 gxh4 48. Qg8+ Kh6 49. Qf8+ Kg6 50. Qg8+ Kh6 51. Qh8+ Kg6 1/2-1/2

[Event "54smm B Groeden2-Richter/Lask2"]
[Site "?"]
[Date "2023.01.07"]
[Round "5.2"]
[White "Kasslatter, Matthias"]
[Black "Unterweger, Jonas"]
[Result "1/2-1/2"]
[WhiteElo "1568"]
[BlackElo "1642"]
[PlyCount "91"]
[EventDate "2023.01.07"]

1. e4 e5 2. Nf3 Nc6 3. Bc4 Bc5 4. Nc3 Nf6 5. d3 h6 6. Be3 Bb6 7. O-O d6 8. h3
O-O 9. Bxb6 axb6 10. d4 exd4 11. Nxd4 Re8 12. Re1 Nxd4 13. Qxd4 Be6 14. Rad1
Bxc4 15. Qxc4 Ra5 16. Nb5 Rxe4 17. Rxe4 Nxe4 18. Nxc7 Nxf2 19. Kxf2 Rc5 20. Qd3
Qxc7 21. c3 d5 22. Re1 Qf4+ 23. Kg1 g6 24. Rf1 Qe5 25. Qd2 Kg7 26. Qf2 Qe6 27.
Qd4+ f6 28. Qd2 Rc6 29. Re1 Qf7 30. Re3 Re6 31. Rd3 Re5 32. Rd4 g5 33. Qd3 Qe6
34. Qf3 f5 35. c4 dxc4 36. Qxb7+ Kg6 37. Qc7 Rc5 38. Rd6 Rxc7 39. Rxe6+ Kh5 40.
Rxb6 c3 41. bxc3 Rxc3 42. Rb3 Rxb3 43. axb3 Kg6 44. Kf2 Kf6 45. Ke3 Ke5 46. g3
1/2-1/2

[Event "54smm B Groeden2-Richter/Lask2"]
[Site "?"]
[Date "2023.01.07"]
[Round "5.3"]
[White "Casisa, Davide"]
[Black "Knottner, Klaus"]
[Result "0-1"]
[WhiteElo "1538"]
[BlackElo "1642"]
[PlyCount "138"]
[EventDate "2023.01.07"]

1. e4 e5 2. Nf3 Nc6 3. Bc4 Bc5 4. c3 Nf6 5. d3 O-O 6. Bg5 Be7 7. O-O d6 8. h3
a6 9. a3 Na5 10. Ba2 c5 11. Re1 Nc6 12. Nbd2 Qc7 13. Bxf6 Bxf6 14. Bd5 Ne7 15.
c4 Ng6 16. Nh2 Rb8 17. Ng4 Be7 18. g3 Bd7 19. h4 Bd8 20. h5 Ne7 21. h6 Ng6 22.
hxg7 Kxg7 23. Qf3 f5 24. Nh2 f4 25. Qh5 Qc8 26. g4 Ba5 27. Re2 Bd8 28. Ndf3 Be8
29. Ng5 Bxg5 30. Qxg5 h6 31. Qh5 f3 32. Re3 Nf4 33. Qh4 Ng2 34. Qg3 Nxe3 35.
fxe3 f2+ 36. Kg2 Qd8 37. Nf3 Qe7 38. g5 h5 39. Nh4 Bg6 40. Rf1 Qd7 41. Nf3 Qg4
42. Rxf2 Qxg3+ 43. Kxg3 b5 44. Rh2 a5 45. Rc2 Rb6 46. Nd2 b4 47. a4 b3 48. Rc3
Rfb8 49. Kh4 Be8 50. Be6 Bxa4 51. Kxh5 Be8+ 52. Kg4 a4 53. Nb1 Bg6 54. Na3 Rh8
55. Kg3 Rh1 56. Bd7 Ra6 57. Bb5 Ra8 58. Bd7 Rg1+ 59. Kf2 Rxg5 60. Nb5 Rf8+ 61.
Bf5 Bxf5 62. exf5 Rfxf5+ 63. Ke2 Rg2+ 64. Ke1 Rf6 65. Nc7 Rxb2 66. Ne8+ Kf7 67.
Nxf6 Kxf6 68. Kd1 Rb1+ 69. Kd2 a3 0-1

[Event "54smm B Groeden2-Richter/Lask2"]
[Site "?"]
[Date "2023.01.07"]
[Round "5.4"]
[White "Grossrubatscher, Johann"]
[Black "Guano, Giuseppe"]
[Result "1/2-1/2"]
[WhiteElo "1503"]
[BlackElo "1519"]
[PlyCount "85"]
[EventDate "2023.01.07"]

1. e4 e5 2. Nf3 Nc6 3. Bb5 a6 4. Ba4 Be7 5. O-O b5 6. Bb3 Nf6 7. c3 d6 8. Re1
Bg4 9. h3 Bh5 10. d3 O-O 11. Nbd2 Na5 12. Bc2 c5 13. Nf1 Nc6 14. Ng3 Bg6 15.
Nh4 h6 16. Nxg6 fxg6 17. Be3 Kh7 18. a4 Qc7 19. Qd2 b4 20. f4 Rab8 21. fxe5
dxe5 22. Ne2 Rbd8 23. Qc1 a5 24. Qb1 Rd7 25. d4 bxc3 26. dxe5 cxb2 27. Ra2 Nxe5
28. Rxb2 Nc4 29. Rb3 Nxe3 30. Rxe3 c4 31. e5 Bc5 32. Bxg6+ Kh8 33. exf6 Bxe3+
34. Kh1 Rxf6 35. Qe4 Rd8 36. Qxe3 Rxg6 37. Nf4 Rc6 38. Qe4 c3 39. Rc1 c2 40.
Rxc2 Rd1+ 41. Kh2 Rxc2 42. Qe8+ Kh7 43. Qg6+ 1/2-1/2

[Event "54smm B Groeden2-Richter/Lask2"]
[Site "?"]
[Date "2023.01.07"]
[Round "5.5"]
[White "Unterweger, Christian"]
[Black "Perathoner, Manuel"]
[Result "1-0"]
[WhiteElo "1204"]
[BlackElo "1486"]
[PlyCount "183"]
[EventDate "2023.01.07"]

1. d4 e6 2. Nf3 f5 3. c4 Nf6 4. Nc3 Be7 5. Qc2 b6 6. h3 Bb7 7. Bf4 O-O 8. a3 a5
9. e3 Ne4 10. Bd3 Nxc3 11. Qxc3 d6 12. Qc2 Nd7 13. Bh2 Nf6 14. d5 exd5 15. Bxf5
dxc4 16. Qxc4+ Bd5 17. Qh4 g6 18. Bb1 Qd7 19. Qd4 Qc6 20. Ba2 Bxa2 21. Rxa2
Qc1+ 22. Qd1 Qc4 23. Ra1 Rac8 24. Rc1 Qe4 25. O-O Nd5 26. Nd2 Qe6 27. Qb3 Rf6
28. Nc4 Rcf8 29. Bg3 Qe4 30. Nd2 Qe6 31. Bh4 R6f7 32. Bxe7 Rxe7 33. e4 Nf4 34.
Qxe6+ Nxe6 35. f3 Nf4 36. Kh2 Nd3 37. Rc2 Rd8 38. Rd1 d5 39. Kg3 Nc5 40. b4
axb4 41. axb4 Ne6 42. Rdc1 dxe4 43. Nxe4 Kf7 44. h4 h6 45. Nf2 Rd4 46. Ng4 Kg7
47. Ne5 Re8 48. Nc6 Rd6 49. Re2 Ra8 50. b5 Ra4 51. Rce1 Kf6 52. Re4 Ra3 53. Nb4
Ra5 54. Nc6 Ra3 55. Ne5 h5 56. Nc4 Rad3 57. Nxd6 Rxd6 58. Rc1 Kf5 59. Rc6 Rxc6
60. bxc6 g5 61. hxg5 Nxg5 62. Re7 Ne6 63. Rd7 Kg5 64. Rd5+ Kg6 65. f4 h4+ 66.
Kf3 Kf6 67. Kg4 Ng7 68. Rd7 Ne6 69. f5 Ng7 70. Rxc7 Nxf5 71. Rb7 Ne3+ 72. Kxh4
Ke6 73. c7 Kd7 74. Rxb6 Nf5+ 75. Kg5 Ne7 76. Rb7 Kc8 77. Ra7 Nc6 78. Ra1 Ne7
79. Rc1 Nd5 80. g4 Ne7 81. Kh5 Nd5 82. g5 Ne7 83. g6 Ng8 84. g7 Ne7 85. Kh6
Ng8+ 86. Kh7 Nf6+ 87. Kg6 Ng8 88. Kf7 Nh6+ 89. Kf8 Ng4 90. g8=Q Nf6 91. Qe6+
Nd7+ 92. Qxd7+ 1-0

[Event "54smm B Groeden3-Kaltern/Tramin2"]
[Site "?"]
[Date "2023.01.07"]
[Round "5.1"]
[White "Bertagnolli, Gerhard"]
[Black "Ueberbacher, Sebastian"]
[Result "1-0"]
[WhiteElo "1855"]
[BlackElo "1345"]
[PlyCount "71"]
[EventDate "2023.01.07"]

1. d4 Nf6 2. c4 e6 3. Nf3 b6 4. Nc3 Bb7 5. e3 d5 6. Be2 g6 7. O-O Bg7 8. b3 O-O
9. Bb2 Re8 10. Qc2 dxc4 11. bxc4 Nbd7 12. Rfd1 c6 13. Rac1 Qc7 14. e4 Rad8 15.
h3 a6 16. a4 Bh6 17. Rb1 Ba8 18. Bc1 Bg7 19. Be3 b5 20. e5 Nh5 21. g4 bxc4 22.
gxh5 c5 23. hxg6 hxg6 24. Ne4 cxd4 25. Rxd4 Nxe5 26. Nxe5 Rxd4 27. Bxd4 Bxe5
28. Nf6+ Bxf6 29. Bxf6 Qc6 30. f3 Rc8 31. Qc3 Qc5+ 32. Qd4 Qxd4+ 33. Bxd4 Rd8
34. Bf6 Rc8 35. Kf2 c3 36. Bxc3 1-0

[Event "54smm B Groeden3-Kaltern/Tramin2"]
[Site "?"]
[Date "2023.01.07"]
[Round "5.2"]
[White "Falvo, Igor"]
[Black "Unterkofler, Alex"]
[Result "0-1"]
[WhiteElo "1038"]
[BlackElo "1741"]
[PlyCount "62"]
[EventDate "2023.01.07"]

1. e4 c5 2. Nf3 g6 3. Nc3 Bg7 4. Bc4 Nc6 5. O-O Nf6 6. d3 O-O 7. Bf4 d6 8. Qd2
Bg4 9. Ne1 Qb6 10. Rb1 Nd4 11. h3 Be6 12. Bxe6 fxe6 13. Bh6 Rf7 14. Bxg7 Kxg7
15. Nf3 Nxf3+ 16. gxf3 Nh5 17. Qg5 Raf8 18. e5 Nf4 19. Qg4 Rf5 20. Ne4 d5 21.
Ng3 Rxe5 22. b3 Qb4 23. d4 Rg5 24. Qh4 Qxd4 25. Kh2 h6 26. b4 Qc3 27. Rg1 Qxf3
28. Rbf1 cxb4 29. Nh5+ Nxh5 30. Rxg5 hxg5 31. Qxb4 Qf4+ 0-1

[Event "54smm B Groeden3-Kaltern/Tramin2"]
[Site "?"]
[Date "2023.01.07"]
[Round "5.3"]
[White "Leimgruber, Erich"]
[Black "Piazza, Alex"]
[Result "1/2-1/2"]
[WhiteElo "1550"]
[BlackElo "1126"]
[PlyCount "91"]
[EventDate "2023.01.07"]

1. e4 e6 2. Nf3 d5 3. exd5 exd5 4. d4 Nf6 5. Bg5 Be6 6. Be2 Bd6 7. O-O Nbd7 8.
Bh4 O-O 9. Ng5 Ne4 10. f4 Nxg5 11. Bxg5 Nf6 12. Nc3 c6 13. Bd3 Bg4 14. Bxf6 Qd7
15. Qe1 gxf6 16. Qh4 Bf5 17. Qxf6 Bxd3 18. cxd3 Be7 19. Qh6 Qf5 20. Rf3 Kh8 21.
Rh3 Rg8 22. Qh5 Qg6 23. Qxg6 Rxg6 24. Rf3 Re8 25. Re1 Re6 26. Rfe3 Bc5 27. Rxe6
Bxd4+ 28. Kf1 fxe6 29. Nd1 e5 30. fxe5 Rf8+ 31. Ke2 Bxe5 32. g3 h5 33. Kd2 Bd6
34. Re6 Bb4+ 35. Kc2 Kg7 36. a3 Bc5 37. b4 Bg1 38. h3 Rf7 39. g4 hxg4 40. hxg4
c5 41. b5 c4 42. dxc4 Rc7 43. Nb2 Bc5 44. Kb3 dxc4+ 45. Nxc4 Rd7 46. Re4
1/2-1/2

[Event "54smm B Groeden3-Kaltern/Tramin2"]
[Site "?"]
[Date "2023.01.07"]
[Round "5.4"]
[White "Lardschneider, Jonas"]
[Black "Sanin, Wilfried"]
[Result "0-1"]
[WhiteElo "1000"]
[BlackElo "1441"]
[PlyCount "92"]
[EventDate "2023.01.07"]

1. e4 e5 2. Nf3 Nc6 3. Bc4 h6 4. Nc3 Bc5 5. b3 d6 6. Bb2 Nf6 7. Ne2 Nxe4 8. d4
exd4 9. Nexd4 Nxd4 10. Nxd4 O-O 11. Bd3 Bb4+ 12. c3 Nxc3 13. Bxc3 Bxc3+ 14. Kf1
Bxa1 15. Qxa1 Qf6 16. Qc3 c5 17. Qd2 Qxd4 18. Qe2 Qa1+ 19. Qe1 Qxe1+ 20. Kxe1
Bd7 21. Kd2 Bc6 22. f3 a6 23. a4 Rfe8 24. Be2 b5 25. Ra1 bxa4 26. bxa4 a5 27.
g4 Rab8 28. Ra2 Rb4 29. Bd3 Bxf3 30. Kc3 Bxg4 31. Rd2 Rxa4 32. Bb5 Re3+ 33. Kc2
Ra2+ 34. Kc1 Rxd2 35. Kxd2 Rh3 36. Be2 Bxe2 37. Kxe2 Rxh2+ 38. Kd3 Rh4 39. Kc3
Rb4 40. Kd3 a4 41. Kc3 a3 42. Kd3 a2 43. Kc2 a1=Q 44. Kd2 Qa3 45. Kc2 Rb2+ 46.
Kc1 Qa1# 0-1

[Event "54smm B Merania2-Naturns2"]
[Site "?"]
[Date "2023.01.07"]
[Round "5.1"]
[White "Illmer, Markus"]
[Black "Klotzner, Jakob"]
[Result "1/2-1/2"]
[WhiteElo "1606"]
[BlackElo "1444"]
[PlyCount "47"]
[EventDate "2023.01.07"]

1. d4 d5 2. Nf3 Nf6 3. Bg5 Bf5 4. Nbd2 Nbd7 5. e3 h6 6. Bh4 e6 7. Be2 Be7 8.
O-O O-O 9. c4 c6 10. h3 Ne4 11. Bxe7 Qxe7 12. Nxe4 Bxe4 13. cxd5 cxd5 14. Rc1
Rac8 15. Qb3 Nb6 16. Nd2 Bg6 17. Rc3 Rxc3 18. bxc3 Rc8 19. Rc1 Qd7 20. c4 dxc4
21. Nxc4 Nxc4 22. Rxc4 Rxc4 23. Qxc4 Be4 24. a3 1/2-1/2

[Event "54smm B Merania2-Naturns2"]
[Site "?"]
[Date "2023.01.07"]
[Round "5.2"]
[White "Zappi, Adriano"]
[Black "Gurschler, Markus"]
[Result "1/2-1/2"]
[WhiteElo "1495"]
[BlackElo "1555"]
[PlyCount "120"]
[EventDate "2023.01.07"]

1. Nf3 c5 2. e4 g6 3. d3 Bg7 4. Be2 Qa5+ 5. Nbd2 Nf6 6. O-O d6 7. Nc4 Qc7 8.
Bg5 b5 9. Ne3 Bb7 10. Rb1 Nbd7 11. h3 O-O 12. a3 Nb6 13. Re1 Rfe8 14. Qd2 a6
15. Nf1 Rac8 16. e5 Nfd7 17. exd6 exd6 18. Bh6 Ne5 19. N1h2 Nbd7 20. Bxg7 Kxg7
21. Nxe5 Nxe5 22. Qc3 Kg8 23. f4 Nc6 24. Bf3 Nd4 25. Bxb7 Qxb7 26. Qd2 h5 27.
c3 Nf5 28. Qf2 Re7 29. g4 hxg4 30. hxg4 Nh6 31. Rxe7 Qxe7 32. Re1 Qd7 33. Qh4
Kg7 34. Re7 Qd8 35. Qe1 Rc7 36. Rxc7 Qxc7 37. Qe4 f5 38. gxf5 Nxf5 39. Nf3 a5
40. Ng5 Qe7 41. Kf2 b4 42. axb4 axb4 43. d4 Qxe4 44. Nxe4 cxd4 45. cxb4 d5 46.
Nc5 Nd6 47. Ne6+ Kf6 48. Nxd4 Ke7 49. Kf3 Kd7 50. b3 Kc7 51. Ne6+ Kb6 52. Nf8
Kb5 53. Nxg6 Kxb4 54. Ke3 Nf5+ 55. Kd3 Kxb3 56. Nf8 Kb4 57. Ne6 Ne7 58. Kd4 Kb5
59. Nc7+ Kc6 60. Ne6 Kd6 1/2-1/2

[Event "54smm B Merania2-Naturns2"]
[Site "?"]
[Date "2023.01.07"]
[Round "5.3"]
[White "Zoeschg, Herbert"]
[Black "Sbalchiero, Lorenzo"]
[Result "1/2-1/2"]
[WhiteElo "1557"]
[BlackElo "1438"]
[PlyCount "44"]
[EventDate "2023.01.07"]

1. d4 Nf6 2. Bf4 d6 3. e3 g6 4. Be2 Bg7 5. Nd2 Nbd7 6. c3 Rb8 7. a3 b6 8. Ngf3
Bb7 9. O-O O-O 10. Qc2 Re8 11. Bg3 e5 12. dxe5 dxe5 13. Rad1 Re7 14. Ne1 Qe8
15. e4 Nc5 16. f3 Rd8 17. Nb3 Nxb3 18. Qxb3 Nd7 19. Qc2 c5 20. Qa4 a6 21. b4 b5
22. Qa5 Rc8 1/2-1/2

[Event "54smm B Merania2-Naturns2"]
[Site "?"]
[Date "2023.01.07"]
[Round "5.5"]
[White "Gitterle, Leon"]
[Black "Avolio, Luca"]
[Result "1-0"]
[WhiteElo "1127"]
[BlackElo "1031"]
[PlyCount "69"]
[EventDate "2023.01.07"]

1. d4 d5 2. c4 Nf6 3. Bg5 Bf5 4. Bxf6 exf6 5. e3 Be7 6. Nf3 O-O 7. c5 Nc6 8.
Bb5 a6 9. Bxc6 bxc6 10. O-O Rb8 11. Qa4 Rxb2 12. Qxc6 Qb8 13. Nc3 Rc2 14. Nxd5
Bd8 15. Qxa6 Qb2 16. Rab1 Qxa2 17. Qxa2 Rxa2 18. Ra1 Rxa1 19. Rxa1 Be4 20. Nc3
Bxf3 21. gxf3 h6 22. Ra7 Re8 23. Nb5 Re7 24. Ra8 Re8 25. Nxc7 Rf8 26. Ra7 Bxc7
27. Rxc7 Ra8 28. c6 Ra1+ 29. Kg2 Ra5 30. Rc8+ Kh7 31. c7 Rg5+ 32. Kf1 Rf5 33.
Rh8+ Kxh8 34. c8=Q+ Kh7 35. Qxf5+ 1-0

[Event "54smm B Ridnaun-Steinegg"]
[Site "?"]
[Date "2023.01.07"]
[Round "5.3"]
[White "Engl, Alexander"]
[Black "Sparber, Werner"]
[Result "0-1"]
[WhiteElo "1850"]
[BlackElo "1580"]
[PlyCount "104"]
[EventDate "2023.01.07"]

1. f4 d5 2. Nf3 Nf6 3. g3 e6 4. Bg2 Nc6 5. O-O Bd6 6. d4 O-O 7. Ne5 Bd7 8. c3
Be8 9. Nd2 Rb8 10. e4 dxe4 11. Nxe4 Nxe4 12. Bxe4 f6 13. Nc4 b5 14. Ne3 f5 15.
Bg2 Ne7 16. g4 Ng6 17. d5 Nxf4 18. dxe6 Nxg2 19. Nxg2 Bc6 20. g5 Qe7 21. Qb3
Rbe8 22. h4 Qxe6 23. Re1 Qxb3 24. axb3 b4 25. Bf4 Bc5+ 26. Kh2 Bb6 27. Kg3 Re4
28. Rxe4 Bxe4 29. Rd1 Bc6 30. Ne3 g6 31. Nd5 Bxd5 32. Rxd5 Re8 33. Be5 c6 34.
Rd6 Rxe5 35. Rxc6 Rc5 36. Rf6 bxc3 37. bxc3 Rxc3+ 38. Kg2 Rxb3 39. h5 Kg7 40.
h6+ Kg8 41. Rc6 Rd3 42. Re6 Kf7 43. Rc6 Bd8 44. Kf2 Rd7 45. Rc8 a5 46. Ra8 Ke6
47. Ra6+ Ke5 48. Kf3 Kd5 49. Ra8 Kc5 50. Rc8+ Kb4 51. Rb8+ Ka4 52. Rb1 Bxg5 0-1

[Event "54smm B Taufers-Arci"]
[Site "?"]
[Date "2023.01.07"]
[Round "5.2"]
[White "Holzer, Philipp"]
[Black "Benvenuto, Alexander"]
[Result "1/2-1/2"]
[WhiteElo "1898"]
[BlackElo "1627"]
[PlyCount "56"]
[EventDate "2023.01.07"]

1. Nc3 Nf6 2. d4 d5 3. Bf4 g6 4. e3 Bf5 5. h3 e6 6. Bd3 Ne4 7. Nxe4 dxe4 8. Bc4
Bd6 9. Ne2 O-O 10. O-O Nd7 11. Bb3 Nf6 12. c4 c5 13. Bxd6 Qxd6 14. dxc5 Qxc5
15. Qd4 Qc7 16. Rfd1 Rfd8 17. Qc3 Rd3 18. Qb4 Rad8 19. Nf4 Rxd1+ 20. Rxd1 Rxd1+
21. Bxd1 Nd7 22. Qe7 Qc8 23. b4 Ne5 24. Bb3 Qd7 25. Qxd7 Nxd7 26. c5 Kf8 27.
Kf1 Ke7 28. Ke1 Ne5 1/2-1/2

[Event "54smm B Taufers-Arci"]
[Site "?"]
[Date "2023.01.07"]
[Round "5.3"]
[White "Feichter, Matthias"]
[Black "Forer, Erich"]
[Result "1/2-1/2"]
[WhiteElo "1576"]
[BlackElo "1808"]
[PlyCount "34"]
[EventDate "2023.01.07"]

1. e4 Nc6 2. Nf3 e5 3. d4 exd4 4. c3 Nf6 5. e5 Nd5 6. cxd4 Bb4+ 7. Bd2 Qe7 8.
Nc3 Nxc3 9. bxc3 Ba5 10. Bc4 O-O 11. O-O d6 12. Re1 dxe5 13. d5 Qc5 14. Bb3 Ne7
15. Rxe5 Ng6 16. Re3 b5 17. Rc1 Ba6 1/2-1/2

[Event "54smm B Taufers-Arci"]
[Site "?"]
[Date "2023.01.07"]
[Round "5.4"]
[White "Haidacher, Gerold"]
[Black "Gaudenzi, Federico"]
[Result "1-0"]
[WhiteElo "1772"]
[BlackElo "1476"]
[PlyCount "77"]
[EventDate "2023.01.07"]

1. e4 e5 2. Nf3 Nc6 3. Bb5 a6 4. Ba4 Nf6 5. O-O d6 6. Re1 Be7 7. c3 O-O 8. h3
b5 9. Bc2 Bb7 10. d4 Nd7 11. a3 Na5 12. d5 c6 13. dxc6 Bxc6 14. Nbd2 Rc8 15.
Nf1 Nc4 16. Ng3 Re8 17. Nf5 Qc7 18. Nxe7+ Rxe7 19. Rb1 Bb7 20. Bg5 f6 21. Bc1
Nf8 22. Nh4 Rd7 23. Qg4 Kh8 24. a4 bxa4 25. Bxa4 Bc6 26. Bb3 Bb5 27. Rd1 Qc6
28. Ba2 d5 29. exd5 Rxd5 30. Rxd5 Ne6 31. Rd1 Nf4 32. Bxf4 exf4 33. Nf5 Qb7 34.
Rd4 Ne5 35. Qxf4 Bd3 36. Re1 Bxf5 37. Qxf5 Re8 38. Red1 Qe7 39. Rd6 1-0

[Event "54smm A Kaltern/Tramin-Ehrenburg"]
[Site "?"]
[Date "2023.01.21"]
[Round "6.1"]
[White "Hengl, Christian"]
[Black "Zucchelli, Massimo"]
[Result "1-0"]
[WhiteElo "2136"]
[BlackElo "2128"]
[PlyCount "153"]
[EventDate "2023.01.21"]

1. e4 e6 2. d4 d5 3. exd5 exd5 4. Bd3 Nc6 5. c3 Bd6 6. Ne2 Qh4 7. Be3 Nge7 8.
g3 Qh3 9. Nf4 Bxf4 10. Bxf4 Qg2 11. Kd2 O-O 12. Qf1 Qxf1 13. Rxf1 Bh3 14. Re1
Rac8 15. Na3 a6 16. f3 Ng6 17. Be3 f5 18. Bf2 Bg2 19. Be2 f4 20. g4 Bh3 21. Rg1
Rce8 22. Nc2 Nd8 23. Nb4 c6 24. Rae1 Ne6 25. Bd1 Ng5 26. Nd3 Rxe1 27. Nxe1 Nf7
28. Nd3 Ng5 29. Nc5 Rf7 30. Nd3 Kf8 31. b3 Rd7 32. c4 Rf7 33. Kc3 Ke8 34. a4
Kd8 35. Be2 Re7 36. Kd2 Kd7 37. Bd1 Kd6 38. Be2 Rf7 39. Kd1 Kc7 40. Be1 dxc4
41. bxc4 Rd7 42. Bf2 Ne6 43. Ke1 a5 44. Kd2 Ng5 45. Nc5 Re7 46. Nb3 b6 47. c5
bxc5 48. Nxc5 Kd6 49. Nb3 Rb7 50. Nxa5 Ra7 51. Nc4+ Kd5 52. Kc3 Ne7 53. a5 Nc8
54. Bh4 Ne6 55. Bf2 Re7 56. Nb6+ Nxb6 57. axb6 Rb7 58. Bc4+ Kd6 59. Bxe6 Kxe6
60. Kd3 Kd5 61. Rb1 h5 62. Kc3 hxg4 63. fxg4 Bxg4 64. Bh4 Bf3 65. Re1 Be4 66.
Bd8 f3 67. h4 g6 68. Bc7 f2 69. Rf1 c5 70. dxc5 Kxc5 71. Rxf2 Bb1 72. Rf6 Kb5
73. Kd4 Bc2 74. Rf2 Bd1 75. Kd5 Bg4 76. Rb2+ Ka6 77. Kc5 1-0

[Event "54smm A Kaltern/Tramin-Ehrenburg"]
[Site "?"]
[Date "2023.01.21"]
[Round "6.2"]
[White "Thaler, Elmar"]
[Black "Jedinger, Andreas"]
[Result "0-1"]
[WhiteElo "1763"]
[BlackElo "2107"]
[PlyCount "78"]
[EventDate "2023.01.21"]

1. d4 g6 2. c4 Bg7 3. Nc3 d6 4. e4 e5 5. d5 a5 6. Nf3 Na6 7. Be2 Bd7 8. O-O Nc5
9. Ne1 Nf6 10. Qc2 O-O 11. f3 Nh5 12. Be3 b6 13. Qd2 f5 14. Nd3 Nf6 15. Nxc5
bxc5 16. b3 f4 17. Bf2 g5 18. Nb5 h5 19. Rfe1 Ne8 20. a4 Qf6 21. Rf1 Qg6 22. h3
Bh6 23. Kh1 Rf7 24. Rg1 Rg7 25. g4 fxg3 26. Rxg3 h4 27. Rgg1 g4 28. Be3 Bxe3
29. Qxe3 g3 30. Kg2 Nf6 31. Nxc7 Nh5 32. Ne6 Bxe6 33. dxe6 Nf4+ 34. Kf1 Qxe6
35. Ke1 Qxh3 36. Kd2 Qe6 37. Bf1 g2 38. Bxg2 Nxg2 39. Qf2 h3 0-1